| 000 | 005740000a22001690004500 | ||
|---|---|---|---|
| 020 | _a1-928980-06-6 | ||
| 041 | 0 | _aSPA | |
| 082 | 0 | 4 | _aG 286 B7892f |
| 245 | 1 | 0 | _aLa fe bíblica e histórica de los bautistas sobre las doctrinas de gracia : Un testimonio bíblico de los bautistas a la soberanía de Dios en la salvación de los hombres / J.P. Boyce [et. al.] |
| 260 | _aGraham, USA : Faro de Gracia | ||
| 300 | _a99 Pag | ||
| 001 | 10784 | ||
| 942 | _cBK | ||
| 999 |
_c40230 _d40230 |
||
| 336 |
_atexto _btxt _2rdacontent |
||
| 337 |
_2rdamedia _asin mediación _bn |
||
| 338 |
_2rdacarrier _avolumen _bnc |
||